| 000 | 00784nam a22002057a 4500 | ||
|---|---|---|---|
| 999 |
_c11440 _d11440 |
||
| 003 | AR-CdUCM | ||
| 008 | 190404b ||||| |||| 00| 0 spa d | ||
| 040 |
_aMUNICIPALIDAD PROVINCIAL DEL CUSCO _cBIBLIOTECA MUNICIPAL DEL CUSCO |
||
| 082 |
_23ed. _a615.402 / _bAU88 / 1940 |
||
| 100 |
_aAuais, Simon Jose _928799 |
||
| 245 | _aManual practico del farmacéutico / | ||
| 260 |
_aMéxico D. F. : _bEditora Nacional, _c1940. |
||
| 300 |
_a670 paginas ; _c16 cm. |
||
| 505 | _aContenido :Pesos y medidas -- Balanzas -- Pesos troy -- Medidas empíricas -- Medidas de capacidad inglesas y americanas -- Medida de longitud... | ||
| 650 |
_aDensimetros _928800 |
||
| 650 |
_aEquivalencia de grados _928801 |
||
| 650 |
_aAlcohometro centesimal _928802 |
||
| 942 |
_2ddc _cLIBROS |
||
| 945 | _awnts | ||